<?xml version="1.0" encoding="UTF-8"?>
<record
    xmlns:xsi="http://www.w3.org/2001/XMLSchema-instance"
    xsi:schemaLocation="http://www.loc.gov/MARC21/slim http://www.loc.gov/standards/marcxml/schema/MARC21slim.xsd"
    xmlns="http://www.loc.gov/MARC21/slim">

  <leader>00903nam a22002057a 4500</leader>
  <datafield tag="999" ind1=" " ind2=" ">
    <subfield code="c">173550</subfield>
    <subfield code="d">173550</subfield>
  </datafield>
  <controlfield tag="003">dpl</controlfield>
  <controlfield tag="005">20200302140631.0</controlfield>
  <controlfield tag="008">200302b           ||||| |||| 00| 0 eng d</controlfield>
  <datafield tag="010" ind1=" " ind2=" ">
    <subfield code="a">B-39050</subfield>
  </datafield>
  <datafield tag="020" ind1=" " ind2=" ">
    <subfield code="a">8187214279</subfield>
    <subfield code="c">80.00</subfield>
  </datafield>
  <datafield tag="040" ind1=" " ind2=" ">
    <subfield code="a">Dpl</subfield>
    <subfield code="b">HN</subfield>
    <subfield code="c">0</subfield>
  </datafield>
  <datafield tag="050" ind1=" " ind2=" ">
    <subfield code="a">823.08</subfield>
    <subfield code="b">&#x915;&#x94D;&#x937;&#x93F;&#x924;&#x93F;&#x91C;</subfield>
  </datafield>
  <datafield tag="082" ind1=" " ind2=" ">
    <subfield code="a">823.08</subfield>
    <subfield code="b">&#x915;&#x94D;&#x937;&#x93F;&#x924;&#x940;&#x91C;</subfield>
  </datafield>
  <datafield tag="100" ind1=" " ind2=" ">
    <subfield code="a">&#x938;&#x93F;&#x928;&#x94D;&#x939;&#x93E;, &#x938;&#x902;&#x924;&#x94B;&#x937;</subfield>
  </datafield>
  <datafield tag="245" ind1=" " ind2=" ">
    <subfield code="a">&#x915;&#x94D;&#x937;&#x93F;&#x924;&#x940;&#x91C; &#x905;&#x92A;&#x928;&#x93E; &#x905;&#x92A;&#x928;&#x93E;</subfield>
    <subfield code="c">&#x938;&#x928;&#x94D;&#x924;&#x94B;&#x937; &#x938;&#x93F;&#x928;&#x94D;&#x939;&#x93E;</subfield>
    <subfield code="h">HN</subfield>
  </datafield>
  <datafield tag="260" ind1=" " ind2=" ">
    <subfield code="a">&#x926;&#x93F;&#x932;&#x94D;&#x932;&#x940;</subfield>
    <subfield code="b">&#x92C;&#x91C;&#x930;&#x902;&#x917; &#x92A;&#x94D;&#x930;&#x915;&#x93E;&#x936;&#x928;</subfield>
    <subfield code="c">2000</subfield>
  </datafield>
  <datafield tag="270" ind1=" " ind2=" ">
    <subfield code="a">&#x906;&#x930; &#x91C;&#x948;&#x921;/&#x908;-5,&#x935;&#x948;&#x938;&#x94D;&#x91F; &#x938;&#x93E;&#x917;&#x930;&#x92A;&#x941;&#x930;,(&#x92A;&#x902;&#x916;&#x93E; &#x930;&#x94B;&#x921;)</subfield>
    <subfield code="b">&#x928;&#x908;  &#x926;&#x93F;&#x932;&#x94D;&#x932;&#x940;</subfield>
    <subfield code="d">&#x907;&#x902;&#x921;&#x93F;&#x92F;&#x93E;</subfield>
    <subfield code="e">110046</subfield>
  </datafield>
  <datafield tag="300" ind1=" " ind2=" ">
    <subfield code="a">9494 &#x92A;&#x94D;&#x930;</subfield>
    <subfield code="c">12 &#x938;&#x947;&#x92E;&#x940;</subfield>
  </datafield>
  <datafield tag="942" ind1=" " ind2=" ">
    <subfield code="2">ddc</subfield>
    <subfield code="c">HN</subfield>
    <subfield code="h">823.08</subfield>
    <subfield code="i">&#x915;&#x94D;&#x937;&#x93F;&#x924;&#x940;&#x91C;</subfield>
    <subfield code="k">823.08</subfield>
    <subfield code="m">&#x915;&#x94D;&#x937;&#x93F;&#x924;&#x940;&#x91C;</subfield>
  </datafield>
</record>
